000 00766nam a2200265Ia 4500
003 OSt
005 20220918164929.0
006 a|||||r|||| 00| 0
007 ta
008 220917b |||||||| |||| 00| 0 eng d
020 _a0816619921
024 _a3,367
037 _cTextual
040 _aARTS
_cARTS
_beng
041 _2eng
_aeng
082 _aY15w,1, N2
100 _aSmith Sidonie ed
_921764
245 0 _aDe-colonizing the subject
_bThe politics of gender injwomen's autobiography
260 _aMinneapolis
_bUniv of Minnesota Press
_c1992
300 _axxxi,484p
_ccm.
650 _aSOCIOLOGY
700 _a Watson Julia ed
_921765
942 _hY15w,1, N2
_cTEXL
_2CC
999 _c127487
_d127487